Statistics for Bear Breeds by Picture

Click here to take the quiz!

General Stats

  • This quiz has been taken 36 times
    (19 since last reset)
  • The average score is 6 of 25

Answer Stats

Answer% Correct
Giant Panda
89%
Polar Bear
83%
American Black Bear
61%
Red Panda
61%
Teddy Bear
56%
Yogi Bear
56%
Sun Bear
39%
Baloo
28%
Sloth Bear
22%
We Bare Bears
22%
Spectacled Bear
17%
Kodiak Bear
11%
Glacier Bear
6%
Baluchistan Bear
0%
Cinnamon Bear
0%
Eurasian Brown Bear
0%
Formosan Black Bear
0%
Gobi Bear
0%
Himalayan Brown Bear
0%
Kamchatka Brown Bear
0%
Kermode Bear
0%
Marsican Brown Bear
0%
Short Faced Bear
0%
Syrian Brown Bear
0%
Ussuri Brown Bear
0%

Score Distribution

Percentile by Number Answered

Percent of People with Each Score

Your Score History

You have not taken this quiz since the last reset